[Event "GX Alekhine Open de Verão semi-rápidas 2023"]
[Site "Lisboa, Portugal"]
[Date "????.??.??"]
[Round "6.3"]
[White "Miranda, Raul Augusto Barros"]
[Black "Joaquim, Fernando Manuel Oliveira"]
[Result "1-0"]
[WhiteElo "1638"]
[BlackElo "1394"]
[PlyCount "73"]

{[%evp 0,73,22,14,56,63,63,59,59,51,55,36,58,19,19,24,24,26,28,12,33,20,21,7,0,-15,-3,-7,-13,-27,1,-10,-21,-28,-30,-36,-25,-41,-25,-15,-40,-20,-8,-10,-6,0,11,17,21,-1,15,25,21,-21,-15,-32,58,-38,-44,-72,-63,-85,109,107,295,334,500,511,29977,29978,29979,29980,29995,29996,29997,29998]} 1. e4 {[%emt 0:00:03]} b6 {[%emt 0:00:05]} 2. d4 {[%emt 0:00:02]} Bb7 {[%emt 0:00:02]} 3. Nc3 {[%emt 0:00:02]} e6 {[%emt 0:00:07]} 4. Nf3 {[%emt 0:00:06]} Bb4 {[%emt 0:00:04]} 5. Bd3 {[%emt 0:00:31]} Nf6 {[%emt 0:00:07]} 6. Bg5 {[%emt 0:01:08]} h6 {[%emt 0:00:14]} 7. Bxf6 {[%emt 0:00:23]} Qxf6 {[%emt 0:00:02]} 8. O-O {[%emt 0:00:03]} Bxc3 {[%emt 0:00:17]} 9. bxc3 {[%emt 0:00:02]} Qf4 {[%emt 0:00:35]} 10. Re1 {[%emt 0:01:03]} O-O {[%emt 0:02:09]} 11. c4 {[%emt 0:00:22]} d6 {[%emt 0:00:14]} 12. Nd2 {[%emt 0:01:52]} Nc6 {[%emt 0:01:11]} 13. c3 {[%emt 0:00:03]} e5 {[%emt 0:00:33]} 14. d5 {[%emt 0:00:57]} Ne7 {[%emt 0:00:13]} 15. Re3 {[%emt 0:00:38]} Bc8 {[%emt 0:01:17]} 16. Rg3 {[%emt 0:01:36]} Ng6 {[%emt 0:01:35]} 17. Nf1 {[%emt 0:01:00]} a5 {[%emt 0:02:05]} 18. Qa4 {[%emt 0:00:24]} Ne7 {[%emt 0:02:27]} 19. Re1 {[%emt 0:01:39]} Rd8 {[%emt 0:01:26]} 20. Ne3 {[%emt 0:03:17]} Bd7 {[%emt 0:00:18]} 21. Qc2 {[%emt 0:00:04]} Qh4 {[%emt 0:02:22]} 22. Nf5 {[%emt 0:00:42]} Bxf5 {[%emt 0:00:49]} 23. exf5 {[%emt 0:00:02]} Qf6 {[%emt 0:01:08]} 24. Ree3 {[%emt 0:02:23]} Kh8 {[%emt 0:00:47]} 25. Rg4 {[%emt 0:00:48]} Rac8 {[%emt 0:00:34]} 26. f4 {[%emt 0:00:31]} exf4 {[%emt 0:02:29]} 27. Rxf4 {[%emt 0:00:05]} Ng6 {[%emt 0:04:50]} 28. Rf1 Ne5 {[%emt 0:00:14]} 29. Rg3 {[%emt 0:00:55]} Re8 {[%emt 0:02:56]} 30. Be2 {[%emt 0:01:06]} Qh4 {[%emt 0:00:49]} 31. f6 {[%emt 0:00:54]} g6 {[%emt 0:00:32]} 32. Qd2 {[%emt 0:00:25]} g5 {[%emt 0:01:20]} 33. Rh3 {[%emt 0:00:18]} Qe4 {[%emt 0:00:20]} 34. Rxh6+ {[%emt 0:00:03]} Kg8 {[%emt 0:00:03]} 35. Qxg5+ {[%emt 0:00:04]} Ng6 {[%emt 0:00:16]} 36. Rh8+ {[%emt 0:00:58]} Kxh8 {[%emt 0:00:14]} 37. Qh6+ 1-0

[Event "GX Alekhine Open de Verão semi-rápidas 2023"]
[Site "Lisboa, Portugal"]
[Date "????.??.??"]
[Round "6.1"]
[White "Vedor, Bernardo Marques"]
[Black "Morais, Vitor Mestre"]
[Result "1/2-1/2"]
[WhiteElo "1513"]
[BlackElo "1736"]
[PlyCount "30"]

{[%evp 0,30,22,14,33,33,71,33,61,19,22,28,28,24,19,25,25,22,22,22,22,3,38,26,46,-49,-43,-59,61,65,46,39,337]} 1. e4 {[%emt 0:00:02]} c5 {[%emt 0:00:01]} 2. Nf3 {[%emt 0:00:03]} a6 {[%emt 0:00:01]} 3. c4 {[%emt 0:00:12]} Nc6 {[%emt 0:00:02]} 4. d4 {[%emt 0:00:04]} cxd4 {[%emt 0:00:03]} 5. Nxd4 {[%emt 0:00:03]} Nf6 {[%emt 0:00:01]} 6. Nc3 {[%emt 0:00:09]} e5 {[%emt 0:00:01]} 7. Nf5 {[%emt 0:00:33]} d5 {[%emt 0:00:04]} 8. cxd5 {[%emt 0:00:48]} Bxf5 {[%emt 0:00:04]} 9. exf5 {[%emt 0:01:10]} Nd4 {[%emt 0:00:01]} 10. Bg5 {[%emt 0:03:17]} Bb4 {[%emt 0:01:16]} 11. Bd3 {[%emt 0:02:24]} Qxd5 {[%emt 0:00:29]} 12. Qa4+ {[%emt 0:03:03]} Nc6 {[%emt 0:00:01]} 13. O-O-O {[%emt 0:01:08]} Qa5 {[%emt 0:00:44]} 14. Qxa5 {[%emt 0:01:41]} Bxa5 {[%emt 0:00:02]} 15. Bxf6 {[%emt 0:01:14]} Bxc3 {[%emt 0:00:49]} 1/2-1/2

[Event "GX Alekhine Open de Verão semi-rápidas 2023"]
[Site "Lisboa, Portugal"]
[Date "????.??.??"]
[Round "6.2"]
[White "Rodrigues, Miguel Tiago Melfe"]
[Black "Zhang, Xin An"]
[Result "0-1"]
[WhiteElo "1416"]
[BlackElo "1626"]
[PlyCount "100"]

{[%evp 0,72,22,22,26,-5,25,46,70,70,79,32,31,31,15,-54,-42,-42,-34,-70,-51,-74,-72,-89,-75,-68,-103,-95,-86,-88,-46,-99,-108,-94,-109,-109,-106,-130,-131,-141,-149,-148,-149,-154,-126,-187,-138,-130,-133,-193,-189,-254,-181,-200,-200,-200,-219,-200,-199,-217,-145,-119,72,-144,-144,-129,-102,-271,-298,-280,-276,-895,-899,-945,-945]} 1. d4 {[%emt 0:00:01]} Nf6 {[%emt 0:00:02]} 2. c4 {[%emt 0:00:01]} c5 {[%emt 0:00:01]} 3. d5 {[%emt 0:00:02]} b5 {[%emt 0:00:01]} 4. cxb5 {[%emt 0:00:03]} a6 {[%emt 0:00:01]} 5. Nc3 {[%emt 0:00:09]} axb5 {[%emt 0:00:16]} 6. Nxb5 {[%emt 0:00:06]} e6 {[%emt 0:00:06]} 7. d6 {[%emt 0:00:27]} Qa5+ {[%emt 0:00:15]} 8. Nc3 {[%emt 0:01:42]} Ne4 {[%emt 0:00:41]} 9. Qc2 {[%emt 0:01:43]} Nxc3 {[%emt 0:00:28]} 10. bxc3 {[%emt 0:00:38]} Bxd6 {[%emt 0:00:09]} 11. Bd2 {[%emt 0:00:48]} Nc6 12. Nf3 {[%emt 0:00:21]} Ba6 {[%emt 0:01:13]} 13. g3 {[%emt 0:00:41]} Bc4 {[%emt 0:00:52]} 14. Bg2 {[%emt 0:00:39]} Qb5 {[%emt 0:01:41]} 15. O-O {[%emt 0:00:47]} Bxe2 {[%emt 0:02:17]} 16. Rfb1 {[%emt 0:00:03]} Qa6 {[%emt 0:00:54]} 17. Rb2 {[%emt 0:01:13]} Bd3 {[%emt 0:00:34]} 18. Qc1 {[%emt 0:00:46]} O-O {[%emt 0:00:41]} 19. a4 {[%emt 0:00:18]} Rfb8 {[%emt 0:02:41]} 20. Rxb8+ {[%emt 0:03:05]} Rxb8 {[%emt 0:00:04]} 21. Be3 {[%emt 0:01:00]} Na5 {[%emt 0:00:51]} 22. Nd2 {[%emt 0:00:02]} Nb3 {[%emt 0:01:22]} 23. Nxb3 {[%emt 0:00:02]} Rxb3 {[%emt 0:00:02]} 24. Qd1 {[%emt 0:00:01]} Rxc3 {[%emt 0:00:39]} 25. Qg4 {[%emt 0:00:50]} Bf5 {[%emt 0:00:33]} 26. Qg5 {[%emt 0:00:47]} f6 {[%emt 0:00:39]} 27. Qh5 {[%emt 0:00:33]} Bg6 {[%emt 0:00:38]} 28. Qd1 {[%emt 0:00:19]} Rd3 {[%emt 0:03:32]} 29. Qc1 {[%emt 0:00:42]} Qa5 {[%emt 0:00:30]} 30. Bf1 {[%emt 0:01:33]} Rc3 {[%emt 0:01:13]} 31. Qd1 {[%emt 0:01:00]} Qc7 {[%emt 0:00:46]} 32. a5 {[%emt 0:00:20]} Be5 {[%emt 0:00:38]} 33. Ra4 {[%emt 0:01:18]} Bc2 {[%emt 0:00:15]} 34. Qg4 {[%emt 0:00:45]} f5 {[%emt 0:01:26]} 35. a6 {[%emt 0:01:31]} fxg4 {[%emt 0:01:33]} 36. a7 {[%emt 0:00:01]} Be4 {[%emt 0:00:05]} 37. Rxe4 {[%emt 0:00:17]} Ra3 {[%emt 0:00:17]} 38. Rxg4 {[%emt 0:00:58]} Rxa7 {[%emt 0:00:13]} 39. Bd3 {[%emt 0:00:10]} Ra1+ {[%emt 0:00:15]} 40. Kg2 {[%emt 0:00:03]} Qc6+ {[%emt 0:00:20]} 41. Be4 {[%emt 0:00:28]} d5 {[%emt 0:00:05]} 42. Bf3 {[%emt 0:00:01]} Qd6 {[%emt 0:00:14]} 43. h4 {[%emt 0:01:19]} d4 {[%emt 0:00:12]} 44. Bd2 {[%emt 0:00:08]} c4 {[%emt 0:00:07]} 45. h5 {[%emt 0:00:22]} c3 {[%emt 0:00:22]} 46. Bh6 {[%emt 0:00:15]} c2 {[%emt 0:00:08]} 47. Bxg7 {[%emt 0:00:42]} Bxg7 {[%emt 0:00:12]} 48. h6 c1=Q {[%emt 0:00:15]} 49. Rxg7+ {[%emt 0:00:02]} Kh8 {[%emt 0:00:03]} 50. Be4 {[%emt 0:00:11]} Qh1# {[%emt 0:00:05]} 0-1